<?xml version="1.0" encoding="UTF-8"?>
<record
    xmlns:xsi="http://www.w3.org/2001/XMLSchema-instance"
    xsi:schemaLocation="http://www.loc.gov/MARC21/slim http://www.loc.gov/standards/marcxml/schema/MARC21slim.xsd"
    xmlns="http://www.loc.gov/MARC21/slim">

  <leader>01005cam a22002531  4500</leader>
  <controlfield tag="001">sa 66007805 </controlfield>
  <controlfield tag="003">DLC</controlfield>
  <controlfield tag="005">20260227112307.0</controlfield>
  <controlfield tag="008">881107s1965    ii       d    000 0 san  </controlfield>
  <datafield tag="010" ind1=" " ind2=" ">
    <subfield code="a">sa 66007805 </subfield>
  </datafield>
  <datafield tag="035" ind1=" " ind2=" ">
    <subfield code="a">(OCoLC)18720447</subfield>
  </datafield>
  <datafield tag="040" ind1=" " ind2=" ">
    <subfield code="a">DLC</subfield>
    <subfield code="c">NRU</subfield>
    <subfield code="d">DLC</subfield>
  </datafield>
  <datafield tag="042" ind1=" " ind2=" ">
    <subfield code="a">premarc</subfield>
  </datafield>
  <datafield tag="050" ind1="0" ind2="0">
    <subfield code="a">PK933</subfield>
    <subfield code="b">.V33</subfield>
  </datafield>
  <datafield tag="100" ind1="0" ind2=" ">
    <subfield code="a">V&#x101;mana Bha&#x1E6D;&#x1E6D;a B&#x101;&#x1E47;a,</subfield>
    <subfield code="d">active 15th century.</subfield>
  </datafield>
  <datafield tag="245" ind1="1" ind2="0">
    <subfield code="a">&#x15A;abdaratn&#x101;kara&#x1E25;.</subfield>
    <subfield code="c">B&#x101;&#x1E47;abha&#x1E6D;&#x1E6D;a pra&#x1E47;&#x1ECB;ta&#x1E25;. Tippa&#x1E47;apari&#x15B;i&#x1E63;&#x1E6D;a-&#x15B;abd&#x101;nukrama&#x1E47;ik&#x101;samlankr&#x325;ata&#x1E25;. Belliko&#x1E6D;ha R&#x101;macandra&#x15B;arma&#x1E47;&#x101; samp&#x101;dita&#x1E25;.</subfield>
  </datafield>
  <datafield tag="260" ind1=" " ind2=" ">
    <subfield code="a">[Darbhanga]</subfield>
    <subfield code="b">Mithil&#x101; Vidy&#x101;p&#x12B;&#x1E6D;hapradh&#x101;nena,</subfield>
    <subfield code="c">1965.</subfield>
  </datafield>
  <datafield tag="300" ind1=" " ind2=" ">
    <subfield code="a">11, 813 p.</subfield>
    <subfield code="c">25 cm.</subfield>
  </datafield>
  <datafield tag="490" ind1="0" ind2=" ">
    <subfield code="a">Mithil&#x101; Vidy&#x101;pi&#x1E6D;ha-grantham&#x101;l&#x101;. Pr&#x101;nc&#x12B;n&#x101;c&#x101;rya granth&#x101;val&#x12B;,</subfield>
    <subfield code="v">pu&#x1E63;pam 16</subfield>
  </datafield>
  <datafield tag="500" ind1=" " ind2=" ">
    <subfield code="a">Added t.p. in English.</subfield>
  </datafield>
  <datafield tag="500" ind1=" " ind2=" ">
    <subfield code="a">In Sanskrit; foreword and critical notes in English.</subfield>
  </datafield>
  <datafield tag="650" ind1=" " ind2="0">
    <subfield code="a">Sanskrit language</subfield>
    <subfield code="x">Dictionaries</subfield>
    <subfield code="x">English.</subfield>
  </datafield>
  <datafield tag="700" ind1="1" ind2=" ">
    <subfield code="a">Sharma, Bellikoth Ramachandra,</subfield>
    <subfield code="d">1912-</subfield>
    <subfield code="e">ed.</subfield>
  </datafield>
  <datafield tag="999" ind1=" " ind2=" ">
    <subfield code="c">71409</subfield>
    <subfield code="d">71409</subfield>
  </datafield>
</record>
